<?xml version="1.0" encoding="UTF-8"?>
<collection xmlns="http://www.loc.gov/MARC21/slim">
 <record>
  <leader>00910nam a2200241 a 4500</leader>
  <controlfield tag="001">011945060</controlfield>
  <controlfield tag="008">100517r20091994enka          001 0 eng d</controlfield>
  <datafield tag="010" ind1=" " ind2=" ">
   <subfield code="a">  2009938085</subfield>
  </datafield>
  <datafield tag="020" ind1=" " ind2=" ">
   <subfield code="a">9780194371674</subfield>
  </datafield>
  <datafield tag="040" ind1=" " ind2=" ">
   <subfield code="a">Uk</subfield>
   <subfield code="c">Uk</subfield>
   <subfield code="d">BD-DhAAL</subfield>
  </datafield>
  <datafield tag="082" ind1="0" ind2="4">
   <subfield code="a">428.24</subfield>
   <subfield code="2">22</subfield>
  </datafield>
  <datafield tag="100" ind1="1" ind2=" ">
   <subfield code="a">Ellis, Mark,</subfield>
   <subfield code="d"> 1945-</subfield>
  </datafield>
  <datafield tag="245" ind1="0" ind2="0">
   <subfield code="a">Teaching business English /</subfield>
   <subfield code="c">Mark Ellis and Christine Johnson.</subfield>
  </datafield>
  <datafield tag="260" ind1=" " ind2=" ">
   <subfield code="a">Oxford :</subfield>
   <subfield code="b">Oxford University Press,</subfield>
   <subfield code="c">1994 [Reprinted 2009]</subfield>
  </datafield>
  <datafield tag="300" ind1=" " ind2=" ">
   <subfield code="a"> xiv,237p. ;</subfield>
   <subfield code="c">25 cm.</subfield>
  </datafield>
  <datafield tag="490" ind1="0" ind2=" ">
   <subfield code="a">Oxford handbooks for language teachers</subfield>
  </datafield>
  <datafield tag="504" ind1=" " ind2=" ">
   <subfield code="a">Includes Bibliography (p223-224.) and index.</subfield>
  </datafield>
  <datafield tag="541" ind1="1" ind2=" ">
   <subfield code="e">00020251</subfield>
  </datafield>
  <datafield tag="650" ind1=" " ind2="0">
   <subfield code="a">English language</subfield>
  </datafield>
  <datafield tag="700" ind1="1" ind2=" ">
   <subfield code="a">Johnson, Christine.</subfield>
  </datafield>
  <datafield tag="852" ind1="4" ind2=" ">
   <subfield code="a">Ayesha Abed Library</subfield>
   <subfield code="j">General shelf</subfield>
  </datafield>
  <datafield tag="999" ind1=" " ind2=" ">
   <subfield code="c">8607</subfield>
   <subfield code="d">8607</subfield>
  </datafield>
  <datafield tag="952" ind1=" " ind2=" ">
   <subfield code="0">0</subfield>
   <subfield code="1">0</subfield>
   <subfield code="2">ddc</subfield>
   <subfield code="4">0</subfield>
   <subfield code="6">428_240000000000000_ELL_2009</subfield>
   <subfield code="7">0</subfield>
   <subfield code="9">10259</subfield>
   <subfield code="a">BRACUL</subfield>
   <subfield code="b">BRACUL</subfield>
   <subfield code="c">GEN</subfield>
   <subfield code="d">2010-05-17</subfield>
   <subfield code="l">3</subfield>
   <subfield code="m">1</subfield>
   <subfield code="o">428.24 ELL</subfield>
   <subfield code="p">3010020251</subfield>
   <subfield code="r">2016-05-05</subfield>
   <subfield code="s">2016-02-25</subfield>
   <subfield code="t">1</subfield>
   <subfield code="w">2010-05-17</subfield>
   <subfield code="y">BK</subfield>
  </datafield>
 </record>
</collection>
